Sports Quiz

Random Sports or Auto Racing Quiz

2012 NASCAR Sprint Cup Series Drivers Quiz Stats

 Plays Quiz not verified by Sporcle

Score 0/59 Timer 12:00
0 Plays Today
Car Driver % Correct
#18 M&Ms ToyotaKyle Busch
95%
#5 Farmer's Insurance ChevroletKasey Kahne
93.4%
#14 Office Depot ChevroletTony Stewart
93.4%
#24 Drive To End Hunger ChevroletJeff Gordon
92.8%
#11 FedEx ToyotaDenny Hamlin
92.3%
#48 Lowe's ChevroletJimmie Johnson
92%
#7 Mapei DodgeRobby Gordon
91.5%
#51 HendrickCars.com ChevroletKurt Busch, David Reutimann
91%
#2 Miller Lite DodgeBrad Keselowski
90.7%
#55 Aaron's ToyotaMichael Waltrip, Mark Martin, Brian Vickers
90.7%
#1 Bass Pro Shops ChevroletJamie McMurray
90.5%
#17 Best Buy FordMatt Kenseth
89.9%
#20 Home Depot ToyotaJoey Logano
89.9%
#88 Diet Mtn. Dew ChevroletDale Earnhardt Jr.
89.4%
#16 3M FordGreg Biffle
89.1%
#29 Budweiser ChevroletKevin Harvick
89.1%
#10 GoDaddy.com ChevroletDanica Patrick, David Reutimann, Dave Blaney, Tony Raines
88.6%
#39 US Army ChevroletRyan Newman
88.6%
#99 Fastenal FordCarl Edwards
88.6%
#15 5-Hour Energy ToyotaClint Bowyer
88.3%
#42 Target ChevroletJuan Pablo Montoya
88.1%
#9 Stanely Tools FordMarcos Ambrose
87.5%
#27 Menard's ChevroletPaul Menard
85.9%
#31 Caterpillar ChevroletJeff Burton
85.1%
#22 Shell/Pennzoil DodgeA.J. Allmendinger, Sam Hornish Jr.
84.9%
#13 Geico FordCasey Mears
83.3%
#56 NAPA ToyotaMartin Truex Jr.
83%
#21 Motorcraft FordTrevor Bayne
82.5%
#78 Furniture Row ChevroletRegan Smith
82.5%
#12 SKF DodgeSam Hornish Jr.
79.9%
Car Driver % Correct
#47 Kroger/USO ToyotaBobby Labonte
78.8%
#32 C&J Energy Resources FordTerry Labonte, Mike Bliss, Ken Schrader, Reed Sorenson, T.J. Bell, Boris Said, Jason White, Mike Olsen
78.2%
#73 Dr. Pepper ToyotaTravis Kvapil, David Reutimann
78%
#34 MHP Power Pak FordDavid Ragan
77.2%
#6 Ford EcoBoost FordRicky Stenhouse Jr
76.7%
#40 Aaron's ToyotaMichael Waltrip
75.9%
#33 LittleJoesAutos.com ChevroletElliott Sadler, Brendan Gaughan, Hermie Sadler, Tony Raines, Jeff Green, Stephen Leicht, Austin Dillon, Cole Whitt
75.1%
#93 Burger King ToyotaDavid Reutimann, Travis Kvapil
74.8%
#36 Ollie's Bargain Outlet ChevroletDave Blaney, Tony Raines
72.4%
#43 Smithfield FordAric Almirola
70.6%
#37 Poynt FordMike Wallace, Timmy Hill, Tony Raines, J.J. Yeley
69.5%
#52 Crusader Staffing ToyotaScott Speed, Mike Skinner
69.4%
#95 TWD Drywall FordScott Speed
67.9%
#26 MDS Trucking FordTony Raines, Josh Wise
67.6%
#38 MHP Power Pak FordDavid Gilliland
67.6%
#87 AMFM Energy ToyotaJoe Nemechek
66%
#98 K-LOVE Radio FordMichael McDowell, David Mayhew, Mike Skinner
65.5%
#74 Turn One Racing ChevroletReed Sorenson, Stacy Compton, Tony Raines, Cole Whitt
65.2%
#79 BBI FordTim Andrews, Scott Speed, Kelly Bires
65.2%
#09 American Ethanol ToyotaKenny Wallace
64.5%
#19 RHR ToyotaMike Bliss, Chris Cook, Jason Leffler, Jeff Green
64.4%
#83 Burger King ToyotaLandon Cassill
63.9%
#91 RHR ToyotaReed Sorenson
62.3%
#49 America-Israel Racing ToyotaJ.J. Yeley, Jason Leffler
61.8%
#0 SS Motorsport ToyotaMark Green
59.3%
#50 WalMart ChevroletBill Elliott
58.9%
#30 Jegs.com ToyotaDavid Stremme, Patrick Long
55.2%
#97 AMFM Energy ToyotaBill Elliott
54.4%
#23 North Texas Pipe ToyotaRobert Richardson Jr., Scott Riggs
53.8%

You're not logged in!

Compare scores with friends on all Sporcle quizzes.
OR
Log In

Sporcle TV

Today on Sporcle TV


Watch our educational content, quiz creation guides, and fun videos on Sporcle TV.

Show Comments

Extras

Top Quizzes Today


Score Distribution

Your Account Isn't Verified!

In order to create a playlist on Sporcle, you need to verify the email address you used during registration. Go to your Sporcle Settings to finish the process.

Report this User

Report this user for behavior that violates our Community Guidelines.

Details: